Martin Chambi (Record no. 100)
[ view plain ]
| 000 -LEADER | |
|---|---|
| campo de control de longitud fija | 00450 a2200121 4500 |
| 082 ## - NÚMERO DE LA CLASIFICACIÓN DECIMAL DEWEY | |
| Número de clasificación | 779.85 |
| Número de ítem | C445f |
| 110 ## - ENTRADA PRINCIPAL--NOMBRE DE ENTIDAD CORPORATIVA | |
| Nombre de entidad corporativa o nombre de jurisdicción como elemento de entrada | Banco de la Republica / Biblioteca Luis Angel Arango |
| 9 (RLIN) | 497 |
| 245 ## - MENCIÓN DEL TÍTULO | |
| Título | Martin Chambi |
| Resto del título | Fotografias del Peru 1920-1950 |
| 260 ## - PUBLICACIÓN, DISTRIBUCIÓN, ETC. | |
| Lugar de publicación, distribución, etc. | Peru |
| Nombre del editor, distribuidor, etc. | Banco de la Republica |
| Fecha de publicación, distribución, etc. | 1988 |
| 300 ## - DESCRIPCIÓN FÍSICA | |
| Extensión | 106 p |
| Otras características físicas | il. |
| Dimensiones | 28 cm |
| 650 ## - PUNTO DE ACCESO ADICIONAL DE MATERIA--TÉRMINO DE MATERIA | |
| Término de materia o nombre geográfico como elemento de entrada | Fotografa̕ |
| Subdivisión de forma | Catl̀ogo de exhibicin̤ 1920-1950 |
| Subdivisión geográfica | Per |
| 9 (RLIN) | 553 |
| 710 ## - ENTRADA AGREGADA--NOMBRE DE ENTIDAD CORPORATIVA | |
| Nombre de entidad corporativa o nombre de jurisdicción como elemento de entrada | Banco de la Republica / Biblioteca Luis Angel Arango |
| 9 (RLIN) | 498 |
| Estatus retirado | Estado de pérdida | Fuente del sistema de clasificación o colocación | Estado de daño | No para préstamo | Biblioteca de origen | Biblioteca actual | Ubicación en estantería | Fecha de adquisición | Total de préstamos | Signatura topográfica completa | Código de barras | Visto por última vez | Precio de reemplazo | Tipo de ítem Koha |
|---|---|---|---|---|---|---|---|---|---|---|---|---|---|---|
| Clasificación Decimal Dewey | Biblioteca LadoV | Biblioteca LadoV | 03/05/2014 | 779.85 C445f | 000060 | 03/05/2014 | 03/05/2014 | Material 01 |
